| Tag |
First Indicator |
Second Indicator |
Subfields |
| LEADER |
00000cam a2200000 a 4500 |
| 001 |
in00002103621 |
| 005 |
20230815155820.5 |
| 008 |
051210s2005 waua b 101 0 eng d |
| 020 |
|
|
|a 0819459577
|
| 035 |
|
|
|a (OCoLC)ocm62534802
|
| 040 |
|
|
|a CUS
|c CUS
|d TXA
|d UtOrBLW
|
| 049 |
|
|
|a TXAM
|
| 090 |
|
|
|a QC793.5.P427
|b P6595 2005
|
| 245 |
0 |
0 |
|a Photonic crystals and fibers :
|b 30 August-1 September 2005, Warsaw, Poland /
|c Waclaw Urbańczyk, Bozena Jaskorzynska, Philip St. J. Russell, chairs/editors ; organized by SPIE Poland Chapter, SPIE Europe, Warsaw University of Technology (Poland) ; sponsored by NEMO--Network of Excellence on Micro-Optics ; cooperating organization, Military University of Technology (Poland).
|
| 264 |
|
1 |
|a Bellingham, Washington :
|b SPIE,
|c [2005]
|
| 264 |
|
4 |
|c ©2005
|
| 300 |
|
|
|a 1 volume (various pagings) :
|b illustrations ;
|c 28 cm.
|
| 336 |
|
|
|a text
|b txt
|2 rdacontent
|
| 337 |
|
|
|a unmediated
|b n
|2 rdamedia
|
| 338 |
|
|
|a volume
|b nc
|2 rdacarrier
|
| 490 |
1 |
|
|a Proceedings / SPIE--the International Society for Optical Engineering ;
|v v. 5950
|
| 504 |
|
|
|a Includes bibliographical references and index.
|
| 650 |
|
0 |
|a Photons
|v Congresses.
|
| 650 |
|
0 |
|a Crystal optics
|v Congresses.
|
| 650 |
|
0 |
|a Optical fibers
|v Congresses.
|
| 700 |
1 |
|
|a Urbańczyk, Wacław.
|
| 700 |
1 |
|
|a Jaskorzynska, Bozena.
|
| 700 |
1 |
|
|a Russell, Philip St. J.
|
| 710 |
2 |
|
|a Society of Photo-optical Instrumentation Engineers.
|b Poland Chapter.
|
| 710 |
2 |
|
|a SPIE Europe.
|
| 710 |
2 |
|
|a Politechnika Warszawska.
|b Instytut Systemów Elektronicznych.
|
| 710 |
2 |
|
|a Network of Excellence on Micro-Optics.
|
| 710 |
2 |
|
|a Wojskowa Akademia Techniczna im. Jarosława Dąbrowskiego.
|
| 830 |
|
0 |
|a Proceedings of SPIE--the International Society for Optical Engineering ;
|v v. 5950.
|
| 856 |
4 |
1 |
|u https://www.spiedigitallibrary.org/conference-proceedings-of-SPIE/5950.toc
|t 0
|
| 948 |
|
|
|a cataloged
|b h
|c 2006/1/18
|d c
|e dmitchel
|f 1:00:00 pm
|
| 994 |
|
|
|a C0
|b TXA
|
| 999 |
|
|
|a MARS
|
| 999 |
f |
f |
|s d8db8c02-ae50-303e-ab57-56bf34261521
|i 8a8607ee-c9c9-39db-b6e8-49657f253ed5
|t 0
|
| 952 |
f |
f |
|p ric
|a Texas A&M University
|b Rellis Campus
|c Joint Library Facility
|d Remote Storage
|t 0
|e QC793.5.P427 P6595 2005
|h Library of Congress classification
|i unmediated -- volume
|m A14833396097
|
| 998 |
f |
f |
|a QC793.5.P427 P6595 2005
|t 0
|l Remote Storage
|